Loading...
History - American History | 1 | 4 | 0 | 0 | 55 | 69 | 88.40 | 3 | 5 |
Social Science | 1 | 3 | 0 | 1 | 45 | 69 | 100.75 | 1 | 4 |
History - Other History | 0 | 4 | 0 | 1 | 40 | 73 | 105.50 | 0 | 4 |
History - European History | 1 | 2 | 0 | 1 | 35 | 62 | 79.00 | 1 | 3 |
History - World History | 0 | 3 | 0 | 0 | 30 | 61 | 75.00 | 1 | 3 |
Fine Arts - Other Fine Arts | 0 | 2 | 0 | 0 | 20 | 85 | 89.50 | 1 | 2 |
Literature - British Literature | 0 | 2 | 0 | 0 | 20 | 73 | 84.00 | 2 | 2 |
Religion | 0 | 2 | 0 | 1 | 20 | 101 | 118.00 | 1 | 2 |
Pop Culture | 1 | 0 | 0 | 0 | 15 | 66 | 66.00 | 1 | 1 |
Other Academic | 0 | 1 | 0 | 0 | 10 | 109 | 109.00 | 0 | 1 |
Philosophy | 0 | 1 | 0 | 0 | 10 | 115 | 115.00 | 1 | 1 |
Geography | 0 | 1 | 0 | 1 | 10 | 129 | 129.00 | 0 | 1 |
Science - Other Science | 0 | 1 | 0 | 0 | 10 | 92 | 92.00 | 0 | 1 |
Mythology | 0 | 1 | 0 | 0 | 10 | 96 | 96.00 | 0 | 1 |